000 00401ntaaa2200169 4500
003 01
005 20251027201856.0
008 0714s1973 ag 01
040 _aAR-BaBN
_bspa
_cAR-BaBN
_eaacr
_dRIC
082 _a230.1000 K79
100 _aKolbe, Henry
_917214
245 _aOne world under God
250 _a1 ed. :
_bAbingdon Press,
_cc/963
300 _a128 p.
650 _aTeologĂ­a
942 _cBK
999 _c13423
_d13423